000 00291nam a22001337a 4500
008 181015b xxu||||| |||| 00| 0 eng d
020 _a9780071760577
041 _aeng
080 _a370
100 _a49
101 _aEDU
245 _aWriting And Gramm
_cWilliam.C.P
942 _2udc
_cBK
999 _c49760
_d49760